Kalyan Anka (Nishakaam Karmayog) (Record no. 345826)

MARC details
000 -LEADER
fixed length control field 003180000a22001450004500
005 - DATE AND TIME OF LATEST TRANSACTION
control field 20120302054516.0
040 ## - CATALOGING SOURCE
Original cataloging agency H.S
245 ## - TITLE STATEMENT
Title Kalyan Anka (Nishakaam Karmayog)
260 ## - PUBLICATION, DISTRIBUTION, ETC. (IMPRINT)
Place of publication, distribution, etc Gorakhpur:Geetapress,1980.
300 ## - PHYSICAL DESCRIPTION
Extent 432p.
650 ## - SUBJECT ADDED ENTRY--TOPICAL TERM
Topical term or geographic name as entry element Sankirna
650 ## - SUBJECT ADDED ENTRY--TOPICAL TERM
Topical term or geographic name as entry element Maasik
650 ## - SUBJECT ADDED ENTRY--TOPICAL TERM
Topical term or geographic name as entry element Kalyan-Anka
942 ## - ADDED ENTRY ELEMENTS (KOHA)
Koha item type Book
Holdings
Withdrawn status Lost status Damaged status Not for loan Home library Current library Date acquired Total Checkouts Barcode Date last seen Price effective from
        Institute For Oriental Study, Thane Institute For Oriental Study, Thane 12/02/2009   IOS-1662 12/02/2009 12/02/2009